000
00526nam a2200133Ia 4500
008
100328s9999 xx 000 0 und d
082
_b
51237
100
_a
लेले रा.के.
245
_a
मराठी वृत्तपत्रांचा इतिहास.
260
_b
कॉन्टिनेन्टल
630
_a
मराठी वृत्तपत्रांचा इतिहास.
730
_a
मराठी वृत्तपत्रांचा इतिहास.
942
_c
BOOK
999
_c
538216
_d
538213